03739nab a2200373 i 4500003000900000005001700009008004100026040001800067072001400085072000800099100002100107100002300128100002000151100001700171100001700188100001600205100001800221100002100239245013900260500006500399520126100464520116201725650001302887650002402900650002102924650002702945650001802972650001202990650001403002773023403016856008003250942001603330999001903346BR-BrBNA20240821144240.0240821b2018 bl.|r|pooa||| 00| 0 por | aBR-BrBNAbpor aL02b1940 aF01 aRodrigues, L.S.  aAlves Filho, D.C.  aBrondani, I.L.  aSilva, V.S.  aPaula, P.C.  aAdams, S.M. aMartini, P.M. aMartini, A.P.M.  aVariáveis morfogênicas e estruturais de sorgo forrageiro implantado com diferentes arranjos populacionais sob pastoreio contínuo aPublicação online; 26 ref.; 7 tables; Summaries (En, Pt) a RESUMO - O objetivo do estudo foi avaliar os efeitos da utilização de diferentes arranjos populacionais na implantação de sorgo forrageiro nas características morfogênicas e estruturais do pasto. Os tratamentos foram 22 ou 44cm entrelinhas e 12 ou 24kg de sementes ha-1 . O método de pastoreio foi contínuo. Foram utilizadas 36 novilhas, com idade e peso corporal médios de 15 meses de 262kg. As variáveis morfogênicas não foram influenciadas significativamente (P>0,05) pelos arranjos populacionais e pelos períodos de avaliação, sendo obtidos taxa de alongamento e senescência foliar de 1,43 e 1,11cm dia1 afilho-1, respectivamente, taxa de aparecimento foliar e intervalo de surgimento de folhas de 0,28 folhas dia-1 afilho-1 e 3,81 dias, filocrono e duração de vida foliar de 72,99 e 351,68 graus dia, nessa ordem. As características estruturais do pasto foram influenciadas pelos períodos de avaliação. Do primeiro para o terceiro período de avaliação, foi verificada uma redução de 65,53% no número de folhas em alongamento e de 47,79% no número de folhas vivas. Palavras-chave: espaçamento entrelinhas, densidade de sementes, Sorghum bicolor, taxa de alongamento, taxa de senescência a ABSTRACT - The objective of the study was to evaluate the effects of using different population arrangements in the implementation of sorghum in the morphogenetic and structural characteristics of the pasture. The treatments were 22 or 44cm between rows and 12 or 24kg ha-1 of seed. The grazing method was continuous. The sample consisted of 36 heifers with an average age of 15 months and average body weight of 262kg. Morphogenic variables were not significantly influenced (P>0.05) by population arrangements and evaluation periods, elongation rate and leaf senescence of 1.43 and 1.11cm afilho-1 day-1 being obtained, respectively, and leaf appearance rate of leaf appearance leaves the range of 0.28 day-1 and 1afilho 3.81 days, phyllochron and leaf duration of life of 72.99 and 351.68 degree day, in that order. The structural characteristics of the pasture were influenced by evaluation periods. From the first to the third evaluation period, a reduction of 65.53% in the number of leaves in stretching and 47.79% in the number of living leaves was verified. Keywords: elongation rate, seed density, Sorghum bicolor, row spacing, senescence rate aPASTAGEM aNUTRIÇÃO ANIMAL aSORGO FORRAGEIRO aCONDIÇÃO AMBIENTAL aESPAÇAMENTO aSEMENTE aDENSIDADE0 016439317174dBelo Horizonte-MG Universidade Federal de Minas Gerais - Escola de Veterinaria 1983o2024-3790tArquivo Brasileiro de Medicina Veterinária e Zootecnia (Brazil)x0102-0935gv. 70(1) p. 287-296; (2018)wBR2024002302 uhttps://www.scielo.br/j/abmvz/a/3cVYt9QPW5JM5GH9ZjQsjnb/?format=pdf&lang=pt cAnalítica c300980d300980